[Event "10th Mumbai Mayors Cup 2017"]
[Site "Mumbai"]
[Date "2017.06.08"]
[Round "7"]
[White "Nitish, Belurkar"]
[Black "Aakash, Sharadchandra Dalvi"]
[Result "1-0"]
[WhiteElo "2279"]
[BlackElo "1855"]
[Annotator "TA"]
[PlyCount "71"]
[EventDate "2017.06.04"]
[EventType "swiss"]
[EventCountry "IND"]
[SourceTitle "playchess.com"]
[Source "ChessBase"]
[SourceQuality "1"]

{[%evp 19,71,-18,-25,-54,16,16,30,11,17,27,64,73,124,123,142,137,161,168,209,196,247,157,197,197,195,195,248,204,264,246,252,201,391,375,641,621,726,704,856,879,877,877,862,831,1554,1465,29983,29984,29993,29994,29994,29995,29996,29997]} 1. d4 c5 2. e3 d5 3. Nf3 Nc6 4. b3 cxd4 5. exd4 Bg4 6. Nbd2 {D02: 1 d4 d5 2 Nf3 sidelines, including 2...Nf6 3 g3 and 2...Nf6 3 Bf4} e6 7. Bb2 Nf6 8. Bd3 (8. Be2 Be7 9. Ne5 Bxe2 10. Qxe2 Qc7 11. O-O O-O 12. c4 dxc4 13. bxc4 Nxe5 14. dxe5 {½-½ (41) Stefanova,A (2486)-Kosintseva,T (2496) Beijing 2013}) 8... Rc8 9. a3 Bd6 10. O-O O-O {LiveBook: 5 Games} 11. Qe1 Bxf3 ({Better is} 11... Nh5 $15) 12. Nxf3 $11 Qb6 13. Qd2 $146 ({Predecessor:} 13. Qe2 a5 14. Rab1 Qc7 15. g3 Qe7 16. Ra1 Rfd8 17. Rfe1 {½-½ (64) Bellin,J (2137)-Chevannes,S (2062) England 2011}) 13... h6 14. Rfe1 a5 15. Rab1 a4 {[#]} (15... Qc7 $142) 16. c4 $1 $16 {[%cal Bc2c4,Bc4c5][%mdl 32] c5 is the strong threat.} (16. bxa4 $6 Qc7 $11) 16... Bb8 {[#]} 17. c5 $1 {[%cal Rc5b6]} ({Much less strong is} 17. bxa4 $6 dxc4 18. Bxc4 Qa5 $14) 17... Qc7 18. b4 b6 19. g3 Na7 (19... Ne4 $142 20. Qc2 (20. Bxe4 dxe4 21. Rxe4 Rfd8 $16) 20... Qa7) 20. Re2 b5 21. Rbe1 Rfe8 22. Ne5 Nd7 (22... Qb7 $142 23. f4 Red8) 23. Qc2 Nf8 24. f4 Qb7 25. f5 f6 $2 (25... exf5 26. Bxf5 Rcd8) 26. Nf3 $18 Qc6 $2 (26... Rc6 27. Bc3 Re7) 27. fxe6 Rxe6 {[#]} 28. Bh7+ $1 {[%mdl 512]} Kh8 (28... Nxh7 29. Rxe6) 29. Bf5 Rxe2 30. Qxe2 Rd8 31. Nh4 Qc7 32. Qh5 {White wants to mate with Re8.} Nc6 33. Re8 {White mates.} Kg8 34. Be6+ Kh7 {[#]} 35. Rxf8 $1 {[%mdl 512]} Rxf8 36. Qf5+ {Precision: White = 65%, Black = 18%.} 1-0

[Event "10th Mumbai Mayors Cup 2017"]
[Site "Mumbai"]
[Date "2017.06.08"]
[Round "7"]
[White "Rahman, Syed Mahfuzur"]
[Black "Ajay, Karthikeyan"]
[Result "0-1"]
[WhiteElo "2260"]
[BlackElo "2023"]
[Annotator "TA"]
[PlyCount "68"]
[EventDate "2017.06.04"]
[EventType "swiss"]
[EventCountry "IND"]
[SourceTitle "playchess.com"]
[Source "ChessBase"]
[SourceQuality "1"]

{[%evp 17,68,-57,-55,-40,-60,-54,-48,-88,-90,-106,-58,-47,-54,-60,-50,-52,-48,-151,-145,-134,-135,-137,-144,-141,-133,-133,-144,-141,-156,-150,-147,-134,-80,-164,-170,-164,-165,-195,-192,-200,-199,-377,-375,-1049,-1021,-1431,-1378,-1506,-1473,-1387,-1337,-1132,-1002]} 1. e4 d6 2. d4 Nf6 3. Nc3 g6 4. f4 Bg7 5. Nf3 O-O 6. Bd3 Na6 7. O-O c5 8. Bxa6 cxd4 {B09: Pirc Defence: Austrian Attack} 9. Nxd4 bxa6 {LiveBook: 3 Games} 10. Kh1 Bb7 {Black is slightly better.} 11. Qd3 Rc8 12. Nde2 Qc7 $146 ({Predecessor:} 12... Nd7 13. Bd2 Nc5 14. Qe3 Qb6 15. Ng3 Qxb2 16. Rfc1 {0-1 (38) Weidemann,C (2299)-Le Roux,J (2559) Biel 2012}) 13. Be3 Qc4 {[%cal Rf6e4]} 14. Bd4 Nxe4 15. Nxe4 Bxe4 16. Qxe4 {[#] Threatens to win with c3.} e5 $1 {[%cal Re5d4]} 17. f5 (17. fxe5 $15 dxe5 18. c3 (18. b3 Qxc2 19. Qxc2 Rxc2 $17)) 17... Qxc2 18. Qg4 {And now Bc3 would win.} h5 19. Qf3 exd4 20. Rac1 Qxf5 ({But not} 20... Qxb2 21. Rxc8 Rxc8 22. fxg6 $11) 21. Qxf5 gxf5 22. Rcd1 Rc2 23. Nxd4 Bxd4 24. Rxd4 $17 {[%mdl 4096] Endgame KRR-KRR} Re8 (24... Rb8 $142 25. b4 Rxa2) 25. Rh4 (25. Rxd6 $17 Ree2 26. Rxa6) 25... Ree2 $19 26. Rxh5 Rxg2 27. Rg1 Rxg1+ 28. Kxg1 Rxb2 29. Rxf5 $2 {[#]} (29. a4 {was necessary.}) 29... Rxa2 {KR-KR} 30. Rd5 $2 (30. Kf1) 30... a5 {[%cal Ba6a5,Ba5a4,Ba4a3,Ba3a2][%mdl 32] Black is clearly winning.} 31. Rxd6 a4 32. Ra6 a3 33. Rxa7 Ra1+ 34. Kg2 a2 {Precision: White = 27%, Black = 87%.} 0-1

[Event "10th Mumbai Mayors Cup 2017"]
[Site "Mumbai"]
[Date "2017.06.08"]
[Round "7"]
[White "Sauravh, Khherdekar"]
[Black "Sai, Krishna G V"]
[Result "0-1"]
[WhiteElo "2230"]
[BlackElo "2339"]
[Annotator "RC"]
[PlyCount "74"]
[EventDate "2017.06.04"]
[EventType "swiss"]
[EventCountry "IND"]
[SourceTitle "playchess.com"]
[Source "ChessBase"]
[SourceQuality "1"]
[TimeControl "5400+30"]

1. d4 Nf6 2. Bf4 g6 3. Nc3 d5 4. e3 Bg7 5. h4 c6 6. Qd2 Nbd7 7. Nf3 Ng4 8. e4 dxe4 9. Nxe4 Ndf6 10. Nxf6+ Nxf6 11. Bc4 h6 12. O-O Nd5 13. Be5 f6 14. Bg3 Bf5 15. Bd3 Qd7 16. c4 Nb6 17. Rfe1 Kf7 18. h5 g5 19. Re3 Rhe8 20. Ne5+ fxe5 21. Bxf5 Qxf5 22. Rf3 Qxf3 23. gxf3 exd4 24. Qd3 e5 25. Re1 Nd7 26. Qf5+ Ke7 27. Qg6 Rg8 28. c5 Bf6 29. Qd3 Kf8 30. Qb3 Rb8 31. Qe6 Rg7 32. Qd6+ Re7 33. Bxe5 Bxe5 34. Rxe5 Nxe5 35. Qxb8+ Kf7 36. Kg2 d3 37. Kf1 d2 0-1

[Event "10th Mumbai Mayors Cup 2017"]
[Site "Mumbai"]
[Date "2017.06.08"]
[Round "7"]
[White "Aditya, Mittal"]
[Black "Barath, Kalyan M"]
[Result "1-0"]
[WhiteElo "2211"]
[BlackElo "2014"]
[Annotator "TA"]
[PlyCount "69"]
[EventDate "2017.06.04"]
[EventType "swiss"]
[EventCountry "IND"]
[SourceTitle "playchess.com"]
[Source "ChessBase"]
[SourceQuality "1"]

{[%evp 19,68,26,29,35,220,218,500,472,757,721,753,614,973,963,912,898,2367,2337,29975,1497,29987,29988,29988,29989,29989,29990,29990,29986,29986,29987,29987,29988,29985,29982,29982,29983,29986,29987,29987,29988,29988,29989,29993,29992,29992,29993,29993,29993,29998,29999,29999]} 1. d4 Nf6 2. c4 e6 3. Nc3 Bb4 4. a3 Bxc3+ 5. bxc3 O-O 6. f3 d6 7. e4 Nc6 8. Bd3 e5 9. Ne2 b6 10. O-O {E24: Nimzo-Indian: Sämisch: Unusual Black 5th moves and 5...c5 sidelines} Ba6 {LiveBook: 3 Games} 11. Bg5 {And now f4 would win.} Na5 $146 {[#]} (11... h6 $14 12. Bh4 g5) ({Predecessor:} 11... h6 12. Bh4 g5 13. Bf2 Na5 14. Ng3 Bxc4 15. Nf5 Bxd3 16. Qxd3 {1-0 (30) Erikalov,A (2451)-Zarezenko,I (2241) Novosibirsk 2001}) 12. f4 $1 $18 {[%cal Bf3f4,Bf4e5][%mdl 32] White is clearly better.} h6 $2 (12... Qe8 {was necessary.}) 13. fxe5 hxg5 (13... dxe5 $142 14. Bxf6 gxf6) 14. exf6 Bxc4 15. Ng3 gxf6 16. Bxc4 Nxc4 17. Nf5 d5 18. Qh5 {[#] Qh6 would kill now.} Nd6 19. e5 fxe5 20. dxe5 {White mates.} Nxf5 21. Rxf5 f6 22. Qg6+ Kh8 23. Rf3 {[%cal Rf3h3]} Qd7 24. Rh3+ Qxh3 25. gxh3 fxe5 26. Qh6+ Kg8 27. Qxg5+ Kh7 28. Kh1 Rg8 29. Qh5+ Kg7 30. Rg1+ Kf8 31. Rf1+ Ke7 32. Qxe5+ Kd7 33. Qxd5+ Ke7 34. Rf7+ Ke8 35. Qd7# {Precision: White = 95%, Black = 36%.} 1-0

[Event "10th Mumbai Mayors Cup 2017"]
[Site "Mumbai"]
[Date "2017.06.08"]
[Round "7"]
[White "Mithil, Ajgaonkar"]
[Black "Raghunandan, Kaumandur Srihari"]
[Result "1-0"]
[WhiteElo "2203"]
[BlackElo "2410"]
[Annotator "TA"]
[PlyCount "41"]
[EventDate "2017.06.04"]
[EventType "swiss"]
[EventCountry "IND"]
[SourceTitle "playchess.com"]
[Source "ChessBase"]
[SourceQuality "1"]

{[%evp 12,41,15,8,28,5,22,4,15,-25,-17,-25,-8,-5,0,0,0,0,14,-10,-7,-7,21,0,0,0,0,-10,-11,-9,0,-14]} 1. d4 d5 2. Nf3 Nf6 3. e3 c5 4. c4 cxd4 5. Nxd4 a6 6. Nc3 e6 {A31: Symmetrical English: 2 Nf3 Nf6 3 d4} 7. cxd5 {LiveBook: 6 Games} (7. Be2 dxc4 8. Bxc4 Bd6 9. Be2 O-O 10. O-O e5 11. Nb3 e4 12. Nd2 Qc7 13. Ndxe4 Nxe4 14. Nxe4 Bxh2+ {0-1 (70) Bu,X (2705)-Yu,Y (2729) Doha 2016}) 7... exd5 8. Be2 Bd6 9. Qa4+ Bd7 10. Qd1 $146 (10. Qb3 $5 {[%cal Rb3b7]} Nc6 11. O-O $11 (11. Qxb7 $2 Na5 $19)) ({Predecessor:} 10. Qb3 Nc6 11. O-O O-O 12. Nxd5 Nxd4 13. exd4 Nxd5 14. Qxd5 Bb5 15. Qh5 {½-½ (23) Gavrikov,V (2525)-Kaidanov,G (2475) Lvov 1987}) 10... O-O 11. O-O Qe7 12. Bf3 {The position is equal.} Qe5 {[%csl Gd6][%cal Re5h2] [#]} 13. g3 Nc6 14. Nce2 Ne4 15. Bd2 Bh3 16. Re1 Qf6 17. Bc3 {[#] Bxe4 is the strong threat.} (17. Bxe4 $5 dxe4 18. Nxc6 bxc6 19. Bc3 $11) 17... Nxd4 18. Nxd4 Be5 19. Qe2 (19. Bxe4 $5 dxe4 20. Qh5 $11) 19... Rac8 20. Rac1 Rfe8 21. Red1 {[%mdl 32768] Precision: White = 45%, Black = 30%. . Loss on Time!?} (21. Bxe4 $5 dxe4 22. Qh5 $15) 1-0

[Event "10th Mumbai Mayors Cup 2017"]
[Site "Mumbai"]
[Date "2017.06.08"]
[Round "7"]
[White "Pranav, Shetty"]
[Black "Pradeep, Kumar R A"]
[Result "1/2-1/2"]
[WhiteElo "2200"]
[BlackElo "2302"]
[Annotator "TA"]
[PlyCount "70"]
[EventDate "2017.06.04"]
[EventType "swiss"]
[EventCountry "IND"]
[SourceTitle "playchess.com"]
[Source "ChessBase"]
[SourceQuality "1"]

{[%evp 20,70,52,42,68,24,23,22,29,43,60,60,54,37,45,46,57,36,85,53,118,68,89,96,88,91,97,98,84,97,95,95,107,94,80,82,80,41,82,104,239,253,208,255,254,235,243,240,258,0,162,0,230]} 1. e4 c5 2. Nf3 Nc6 3. Bb5 g6 4. Bxc6 dxc6 5. d3 Bg7 6. h3 Nf6 7. Nc3 O-O 8. Be3 Nd7 9. Qd2 {B31: Sicilian: 2...Nc6 3 Bb5 g6} Re8 10. Bh6 Bh8 11. h4 {LiveBook: 14 Games. White is slightly better.} c4 (11... e5 12. h5 Nf6 13. hxg6 hxg6 14. O-O-O Ng4 15. Bg5 {1-0 (40) Shirov,A (2713)-Leko,P (2749) Monte Carlo 2005}) 12. d4 ({Much worse is} 12. dxc4 Ne5 $11) 12... e5 13. d5 cxd5 {[#]} 14. Qxd5 $146 ({Predecessor:} 14. Nxd5 Nb6 15. Nc3 Qxd2+ 16. Bxd2 Bd7 {½-½ (54) Solak,D (2599)-Vorobjov,P (2156) Istanbul 2012}) 14... Nb6 15. Qxd8 Rxd8 16. h5 $36 {[%mdl 2048] White is pushing.} f6 17. hxg6 hxg6 18. Be3 Bd7 19. O-O-O Be8 ({Better is} 19... Bg7 $14) 20. Bxb6 (20. Nd2 {feels hotter.} Bf7 21. Ndb1 f5 22. Na3 Bf6 23. Nab5) 20... axb6 21. Nd5 $1 Bc6 22. Nxb6 Rxd1+ 23. Rxd1 Rxa2 24. Rd8+ ({But not} 24. Nxc4 Ra1+ 25. Kd2 Rxd1+ 26. Kxd1 Bxe4 $15) 24... Kh7 25. Kb1 Ra6 26. Nxc4 Bxe4 {[#]} 27. Ncxe5 $1 {[%mdl 512]} Bg7 (27... fxe5 28. Ng5+) 28. Nf7 Ra5 29. Nd6 Bd5 {[#]} (29... Rd5 $16) 30. c4 $1 $18 {[%cal Rc4d5]} Bc6 {[#]} 31. b4 $1 {[%cal Rb4a5]} Ra3 32. Kb2 Rd3 33. Kc2 Ra3 34. Kb2 Rd3 35. Kc2 (35. b5 $142 Bxf3 36. gxf3) 35... Ra3 $1 {Precision: White = 67%, Black = 42%.} 1/2-1/2

[Event "10th Mumbai Mayors Cup 2017"]
[Site "Mumbai"]
[Date "2017.06.08"]
[Round "7"]
[White "Arvind, Shastry"]
[Black "Samdani, Sahil Sagar"]
[Result "1-0"]
[WhiteElo "2190"]
[BlackElo "1824"]
[Annotator "TA"]
[PlyCount "121"]
[EventDate "2017.06.04"]
[EventType "swiss"]
[EventCountry "IND"]
[SourceTitle "playchess.com"]
[Source "ChessBase"]
[SourceQuality "1"]

{[%evp 13,121,36,66,0,0,-5,34,34,70,71,82,93,127,112,131,116,202,193,206,199,194,-55,242,235,231,187,210,185,205,187,218,207,235,229,206,197,262,250,225,248,236,226,220,179,192,137,137,137,264,231,237,205,333,205,530,95,97,83,97,100,87,100,87,93,90,101,62,71,93,98,129,38,53,0,143,141,200,200,202,199,200,183,214,184,185,159,164,161,163,161,160,159,160,145,216,223,399,399,779,608,12846,12846,12847,12847,12851,29979,12851,29981,12851,29982]} 1. d4 Nf6 2. Nf3 e6 3. c4 b6 4. g3 Ba6 5. Qc2 Bb4+ 6. Bd2 {E15: Queen's Indian: 4 g3 sidelines, 4 g3 Ba6 and 4 g3 Bb7 early deviations} Be7 7. e4 Bb7 {LiveBook: 4 Games} 8. d5 $146 (8. Nc3 $14) ({Predecessor:} 8. Nc3 d5 9. cxd5 exd5 10. e5 Ne4 11. Bg2 O-O 12. O-O Nxd2 13. Qxd2 c6 {1-0 (39) Bacrot,E (2739)-Antipov,M (2507) Yerevan 2014}) 8... exd5 $11 9. cxd5 O-O 10. Bd3 h6 11. O-O $1 d6 12. Nd4 $1 Re8 13. Rc1 $36 {[%mdl 2048] White is on the roll.} Nbd7 14. b4 ({Inferior is} 14. Qxc7 Nc5 $11) 14... Ne5 (14... a5 $16) 15. Bb5 $18 Rc8 16. Bxe8 Qxe8 17. f4 $2 (17. b5 $18) 17... Ng6 $2 {[%mdl 8192]} (17... c5 $15 {keeps the upper hand.} 18. Nf5 Nf3+ 19. Kg2 Nd4 20. Nxd4 cxd4) 18. Nc3 Qd7 19. Nf5 Bf8 20. Qd3 Re8 21. Re1 h5 22. Rac1 c6 23. dxc6 Bxc6 24. Nd5 Nxe4 (24... Nxd5 $142 25. exd5 Bb5) 25. Nh6+ ({Much less strong is} 25. Rxe4 $6 Qxf5 26. Rd4 (26. Rxc6 Qxe4 27. Qxe4 Rxe4 $11) 26... Qd7 $16) 25... gxh6 26. Rxe4 Bg7 27. Rxe8+ Qxe8 28. Re1 Qd7 29. Bc3 (29. a4 $18) 29... Bxd5 $16 30. Bxg7 Ba8 (30... Nxf4 $16 {is a better defense.} 31. gxf4 Qg4+ 32. Qg3 Kxg7) 31. Bc3 $18 Qc6 {[%csl Ga8][%cal Rc6g2]} 32. Kf2 Qg2+ 33. Ke3 Qxh2 $2 {[#]} (33... Ne7 {is a better chance.}) 34. Qxd6 $2 (34. Qd4 $1 $18 {[%csl Gc3][%cal Rd4g7] is the precise move to win.} Qxg3+ 35. Kd2 Qxf4+ 36. Qxf4 Nxf4 37. Re8+ Kh7 38. Rxa8) 34... Qxg3+ $16 35. Kd2 {Strongly threatening Qf6.} Kh7 36. Qd4 {[%csl Gc3][%cal Rd4g7]} Qxf4+ 37. Qxf4 Nxf4 {[%mdl 4096] Endgame KRB-KBN} 38. Rf1 Nd5 39. Rxf7+ Kg6 40. Rxa7 Bc6 {[#]} 41. Bd4 $1 {[%cal Rd4b6]} h4 42. Ke1 (42. Bxb6 $16 Nxb6 43. Ra6) 42... h3 $14 {...h2 is the strong threat.} 43. Kf2 (43. Bg1 $14) 43... Nxb4 (43... Nf4 $11 {remains equal.} 44. Kg3 Ne2+ 45. Kxh3 Nxd4) 44. Kg3 $16 Bd5 (44... h5 $16 {keeps fighting.} 45. Kxh3 Nd5) 45. a3 $18 Nc6 46. Rg7+ Kf5 47. Bxb6 Bg2 48. Be3 h5 49. Rg5+ Ke4 50. Bg1 h4+ 51. Kxh4 {And now Kg3 would win.} Ne5 52. Kg3 {Hoping for Rh5.} Nf3 53. Rg4+ Kf5 (53... Kd3 $16 {was worth a try.}) 54. Be3 {aiming for a4.} Ke5 $2 (54... Ne5) 55. a4 {[%cal Ba3a4,Ba4a5,Ba5a6,Ba6a7][%mdl 32]} Kd6 $2 (55... Kd5 56. a5 Ne5) 56. a5 Ne5 57. Bf4 Ke6 58. Bxe5 Kxe5 59. a6 Kd6 60. a7 Kc6 61. Rg8 {Precision: White = 63%, Black = 32%.} (61. a8=Q+ $18 Kd6 62. Qd8+ Kc6 63. Rd4 Kb7 64. Qd6 Bf1 65. Rb4+ Ka7 66. Qd7+ Ka8 67. Qb7#) 1-0

[Event "10th Mumbai Mayors Cup 2017"]
[Site "Mumbai"]
[Date "2017.06.08"]
[Round "7"]
[White "Singh, D.P"]
[Black "Sangma, Rahul"]
[Result "1-0"]
[WhiteElo "2132"]
[BlackElo "2337"]
[Annotator "TA"]
[PlyCount "79"]
[EventDate "2017.06.04"]
[EventType "swiss"]
[EventCountry "IND"]
[SourceTitle "playchess.com"]
[Source "ChessBase"]
[SourceQuality "1"]

{[%evp 15,79,6,25,7,52,14,2,3,77,79,58,50,83,52,122,132,145,151,157,121,123,126,118,91,106,88,91,81,84,107,122,99,215,245,323,328,476,154,144,146,190,244,238,220,405,209,400,387,372,191,331,340,590,590,582,764,743,410,337,0,743,736,629,527,2485,1417]} 1. d4 Nf6 2. Nf3 e6 3. Nbd2 c5 4. e3 b6 5. Bd3 Bb7 6. O-O Nc6 7. c3 Qc7 8. a3 d5 {LiveBook: 12 Games. A47: 1 d4 Nf6 2 Nf3 b6: Torre, London and Colle Systems} 9. Re1 g6 $146 ({Predecessor:} 9... Be7 10. h3 O-O 11. dxc5 bxc5 12. e4 Rad8 13. e5 Nd7 14. Nf1 Ndxe5 15. Nxe5 Nxe5 16. Bf4 {0-1 (28) Hudyakov,S (2179)-Maletin,P (2575) Samara 2011}) 10. dxc5 bxc5 {The position is equal.} 11. e4 Bg7 (11... Be7 $11) 12. exd5 $16 Nxd5 13. Ne4 Ne5 14. Bb5+ Bc6 (14... Ke7 $14) 15. Bxc6+ Qxc6 16. Nxe5 Bxe5 17. Bh6 O-O-O 18. Qf3 f6 19. Rab1 Rhe8 20. c4 {[%cal Bc3c4,Bc4c5][%mdl 32]} Nb6 21. b4 (21. Nxf6 $2 Qxf3 22. gxf3 Bxf6 $19) 21... cxb4 22. c5 ({Stronger than} 22. Rxb4 f5 $17) 22... Nd5 23. axb4 f5 (23... Nc3 $16 {was necessary.}) 24. Nd2 $18 Bc3 {[#]} 25. Rec1 $1 {[%cal Rc1c3]} Bxd2 {[#]} (25... Bxb4 $142 26. Nc4 (26. Qg3 Kb7 $16) 26... Rg8) 26. Bxd2 $2 (26. b5 $1 $18 {[%cal Rb5c6] and the rest is easy.} Qc7 27. Bxd2) 26... a6 $16 27. Qe2 e5 28. b5 (28. Bg5 $142) 28... axb5 $18 29. Rxb5 ({Not} 29. Qxb5 Qxb5 30. Rxb5 Nf4 $11) 29... Kd7 $2 (29... Nc7 30. Rb6 Qe4) 30. Rcb1 (30. Bg5 $142) 30... Rc8 $2 (30... Ke7 31. Qxe5+ Kf7 32. Rb7+ Rd7 33. Rxd7+ Qxd7) 31. Qc4 f4 32. Re1 (32. Rb7+ $142 Rc7 33. Rxc7+ Kxc7 34. Rd1) 32... Re6 (32... Re7 $142 33. Bc1 Ke8) 33. Rd1 Ke7 $2 (33... Ke8 {keeps fighting.} 34. Ba5 Rd6) 34. Ba5 Nc7 35. Rb6 Qe8 36. Rb7 Qc6 37. Rb6 $2 (37. Qb4) 37... Qe8 $1 38. Rbd6 {Bxc7 is the strong threat.White is clearly winning.} Kf6 39. Rd7 Na6 40. Bd8+ {Precision: White = 45%, Black = 39%.} 1-0

[Event "10th Mumbai Mayors Cup 2017"]
[Site "Mumbai"]
[Date "2017.06.08"]
[Round "7"]
[White "Thipsay, Bagyashree Sathe"]
[Black "Laxman, R.R"]
[Result "0-1"]
[WhiteElo "2081"]
[BlackElo "2421"]
[Annotator "TA"]
[PlyCount "88"]
[EventDate "2017.06.04"]
[EventType "swiss"]
[EventCountry "IND"]
[SourceTitle "playchess.com"]
[Source "ChessBase"]
[SourceQuality "1"]

{[%evp 21,88,0,43,43,43,27,41,28,28,26,31,31,49,20,49,52,51,39,52,61,60,43,57,45,91,88,85,77,109,54,51,0,0,0,-8,0,32,-60,-56,-68,-66,-60,-64,-62,-70,-129,-55,-84,-85,-84,-87,-87,-87,-81,-81,-95,-87,-71,-100,-78,-48,-59,0,0,0,-149,-130,-576,-579]} 1. e4 e5 2. Nf3 Nc6 3. Bc4 Bc5 4. c3 Nf6 5. d3 a6 6. Bb3 Ba7 7. O-O O-O 8. Bg5 {[%cal Bc1g5,Bg5h4,Bh4g3,Bg3h2][%mdl 32] C54: Giuoco Piano: 4 c3 Nf6, main lines with 5 d4 and 5 d3} (8. h3 d6 9. Re1 Be6 10. Bc2 d5 11. Nbd2 dxe4 12. dxe4 Qe7 13. Qe2 Rad8 14. b3 Rd7 15. Nf1 Rfd8 16. Be3 Bxe3 17. Nxe3 Qc5 {0-1 (30) Petrosian,T (2611)-Carlsen,M (2851) chess.com INT 2016}) 8... d6 9. Nbd2 {[%cal Bb1d2,Bd2f1,Bf1e3][%mdl 32]} h6 10. Bh4 g5 11. Bg3 Bg4 {LiveBook: 3 Games} 12. h3 Bh5 13. Re1 Bg6 14. Nf1 Nh5 $146 ({Predecessor:} 14... Kg7 15. Ne3 Nh5 16. Bh2 {1-0 (26) Renner,C (2340)-Klebel,M (2350) Kirchseeon 1989}) 15. Bh2 Nf4 16. Ne3 Kg7 17. Bc2 Ne7 18. d4 f6 19. Bxf4 gxf4 20. Nf5+ Nxf5 21. exf5 Bh5 22. Qd3 {[%cal Rd4e5]} Kh8 23. Bd1 {[%cal Rf3e5]} Bf7 24. Nh4 c5 {[%cal Rc5d4]} 25. d5 ({White should play} 25. dxe5 $16 dxe5 26. Qe4) 25... b5 $14 26. b3 ({Better is} 26. Bc2 $14) 26... c4 $11 27. bxc4 bxc4 28. Qxc4 Qb6 29. Rf1 (29. Qe2 $14) 29... Rfc8 $1 $15 {[%cal Rc8c4]} 30. Qe4 Rxc3 31. Ng6+ Kg7 32. Rb1 Qc7 33. Be2 {[#]} (33. Kh2 $15) 33... Bc5 (33... Rb8 $1 $17 34. Rxb8 Qxb8) 34. Rb3 Rxb3 35. axb3 a5 36. Qf3 Rb8 37. Qg4 {Black must now prevent Nxf4+.} Kh7 38. Qh4 Bxg6 39. fxg6+ {[#]} Kg7 $1 40. Bd1 Rb4 41. Qg4 Rd4 (41... Rb7 $15) 42. Qe6 $11 Rd2 43. h4 {[#]} (43. Bg4 $11 Bxf2+ 44. Rxf2 Rxf2 45. Kxf2 Qc5+ 46. Ke1 Qe3+ 47. Kd1 Qd3+ 48. Kc1 Qc3+ 49. Kd1 Qd3+ 50. Ke1 Qe3+ 51. Kd1 Qd4+ 52. Ke2 Qe3+ 53. Kf1 Qc1+ 54. Kf2 Qc5+ 55. Kf1 Qc1+ 56. Kf2 Qc5+) 43... Bxf2+ $1 $17 {[%mdl 512]} 44. Rxf2 $4 {[%mdl 8192]} (44. Kh2 $17) 44... Qa7 {Precision: White = 49%, Black = 55%.} (44... Rxd1+ $2 45. Kh2 $17) 0-1

[Event "10th Mumbai Mayors Cup 2017"]
[Site "Mumbai"]
[Date "2017.06.08"]
[Round "7"]
[White "Lama, Himal"]
[Black "Muthaiah, Al"]
[Result "0-1"]
[WhiteElo "2073"]
[BlackElo "2297"]
[Annotator "TA"]
[PlyCount "104"]
[EventDate "2017.06.04"]
[EventType "swiss"]
[EventCountry "IND"]
[SourceTitle "playchess.com"]
[Source "ChessBase"]
[SourceQuality "1"]

{[%evp 14,104,40,0,0,0,0,0,6,-39,-34,-26,-34,-68,-43,-46,-11,-48,-14,-35,-7,-21,-2,-8,-27,-14,-30,-22,-18,-82,-91,-91,-25,-143,-128,-150,-69,-61,-87,-81,-86,-51,-49,-58,-49,-56,-90,-226,-226,-221,-221,-207,-193,-190,-179,-343,-60,-60,-60,-60,-60,-60,-60,-60,-60,-534,-549,-574,-527,-481,-464,-564,-574,-452,-430,-396,-396,-879,-820,-1591,-1521,-1160,-906,-12839,-12836,-12847,-12847,-12848,-12848,-12849,-12849,-12851,-29982]} 1. e4 d6 2. d4 Nf6 3. Nc3 c6 4. Nf3 Bg4 {[%cal Bc8g4,Bg4h5,Bh5g6,Bg6e4][%mdl 32]} 5. h3 Bh5 6. Be3 e6 7. Be2 d5 8. exd5 {LiveBook: 4 Games. B07: Pirc Defence: Miscellaneous Systems} cxd5 9. g4 $146 ({Predecessor:} 9. O-O Nc6 10. Ne5 Bxe2 11. Qxe2 Bd6 12. Rad1 Nxe5 13. dxe5 Bxe5 14. Nb5 a6 15. Bc5 Bb8 {0-1 (15) Mueller,O (2345)-Vorotnikov,V (2465) Germany 1995}) 9... Bg6 10. Ne5 {The position is equal.} Nfd7 11. f4 Nxe5 12. dxe5 Nc6 {And now ...d4 would win.} 13. Nb5 Be4 14. O-O a6 (14... h5 $5) 15. Nd4 Bc5 (15... h5 $5 16. g5 Qb6 $15) 16. Qd2 Qb6 (16... h5 $5 17. g5 Nxd4 18. Bxd4 Bxd4+ 19. Qxd4 Bxc2 $15) 17. c3 O-O $36 {[%mdl 2048] White is under pressure.} 18. b4 (18. Bf3 {is more complex.} Rac8 19. Bxe4 dxe4 20. Rad1 Rfd8 21. Qf2) 18... Bxd4 19. Bxd4 Nxd4 20. cxd4 f6 21. exf6 (21. Rac1 $11) 21... Rxf6 $17 22. Rac1 h6 ({Black should play} 22... Raf8 $17) 23. Rc5 (23. Bf3 $11 {keeps the balance.}) 23... Raf8 24. b5 a5 (24... Qd6 $17 {[%cal Rf6f4]} 25. bxa6 bxa6) 25. Bd3 $1 $15 Bxd3 26. Qxd3 Rxf4 27. Rxf4 Rxf4 {[%mdl 4096] Endgame KQR-KQR} 28. Qg6 Rf6 29. Qe8+ Kh7 {( -> ...Qd6)} 30. Qe7 (30. Qb8 $17) 30... a4 $19 31. Qc7 Qxc7 32. Rxc7 {KR-KR} Rf4 33. Rxb7 Rxd4 34. b6 $2 (34. Ra7) 34... Rd1+ $2 (34... Rd2 $19 35. a3 Ra2) 35. Kf2 $15 Rd2+ 36. Ke3 Rxa2 {Strongly threatening ...e5.} 37. Kd4 $1 Rd2+ 38. Kc5 $1 Rc2+ 39. Kb4 $2 {[%mdl 8192] [#]} ({White has to play} 39. Kd6 $1 $15) 39... d4 $1 $19 {[%cal Bd5d4,Bd4d3][%mdl 32]} 40. Kxa4 d3 41. Rd7 d2 42. Kb3 Rc6 43. b7 {[#]} Rc7 $1 {[%cal Rc7d7]} 44. Rxd2 Rxb7+ 45. Kc4 $2 (45. Kc2 Kg6 46. Rd6) 45... Kg6 {Black is clearly winning.} 46. Rf2 Rd7 47. h4 h5 48. Rf4 e5 49. Re4 {[#]} Rd4+ $1 {[%mdl 512]} 50. Rxd4 exd4 51. g5 Kf5 52. Kxd4 Kg4 {Precision: White = 27%, Black = 65%.} 0-1